LIBRARY & INFORMATION CENTRE, KCAET, TAVANUR

ONLINE PUBLIC ACCESS CATALOGUE (OPAC)

Paurastya nataka darsanam / (Record no. 11746)

MARC details
000 -LEADER
fixed length control field 00449cam a2200169ua 4500
041 ## - LANGUAGE CODE
Language code of text/sound track or separate title mal
082 ## - DEWEY DECIMAL CLASSIFICATION NUMBER
Classification number 894.81209
Item number MAT/PA
100 ## - MAIN ENTRY--AUTHOR NAME
Personal name Matthan Tharkan, Puthenkavu .
245 ## - TITLE STATEMENT
Title Paurastya nataka darsanam /
260 ## - PUBLICATION, DISTRIBUTION, ETC. (IMPRINT)
Place of publication Pathanamthitta :
Name of publisher Asian Book Stall ,
Year of publication 1970.
300 ## - PHYSICAL DESCRIPTION
Number of Pages 187 ; .
942 ## - ADDED ENTRY ELEMENTS (KOHA)
Koha item type Books
Holdings
Withdrawn status Lost status Damaged status Home library Current library Date acquired Full call number Accession Number Koha item type
      KAUAET KAUAET 07/04/2012 894.81209 12731 Books
free website counter